[Event "SWE-chT 2122 Elite"]
[Site "Sweden"]
[Date "2022.04.09"]
[Round "2"]
[White "Norberg, Erik"]
[Black "Olsson, Krister"]
[Result "0-1"]
[WhiteElo "2235"]
[BlackElo "2342"]
[PlyCount "52"]
[EventDate "2021.12.03"]
[EventType "team-tourn"]
[EventRounds "9"]
[EventCountry "SWE"]
[SourceTitle "EXT 2024"]
[Source "ChessBase"]
[SourceDate "2023.10.10"]
[SourceVersion "1"]
[SourceVersionDate "2023.10.10"]
[SourceQuality "1"]
[WhiteTeam "Vasteras"]
[BlackTeam "Stockholm Rockaden"]
[WhiteTeamCountry "SWE"]
[BlackTeamCountry "SWE"]

1. e4 c5 2. Nf3 Nc6 3. c3 Nf6 4. e5 Nd5 5. b4 cxb4 6. c4 Nc7 7. d4 d5 8. exd6 Qxd6 9. d5 Ne5 10. Bb2 Nxf3+ 11. Qxf3 e6 12. Nd2 exd5 13. cxd5 Qxd5 14. Qg3 Ne6 15. Bc4 Qf5 16. 0-0 Bd7 17. Rac1 Bc6 18. Nb3 Qg6 19. Bxe6 fxe6 20. Qh3 Bd6 21. Nd4 Bd5 22. Rfe1 0-0 23. Nxe6 Rf3 24. g3 Re8 25. Nxg7 Rxe1+ 26. Rxe1 Rxf2 0-1

[Event "SWE-chT 2122 Elite"]
[Site "Sweden"]
[Date "2022.04.09"]
[Round "6"]
[White "Olsson, Krister"]
[Black "Lissang, Christopher"]
[Result "1/2-1/2"]
[WhiteElo "2342"]
[BlackElo "2345"]
[PlyCount "103"]
[EventDate "2021.12.03"]
[EventType "team-tourn"]
[EventRounds "9"]
[EventCountry "SWE"]
[SourceTitle "EXT 2024"]
[Source "ChessBase"]
[SourceDate "2023.10.10"]
[SourceVersion "1"]
[SourceVersionDate "2023.10.10"]
[SourceQuality "1"]
[WhiteTeam "Stockholm Rockaden"]
[BlackTeam "Stockholm CC"]
[WhiteTeamCountry "SWE"]
[BlackTeamCountry "SWE"]

1. d4 Nf6 2. c4 e6 3. Nc3 Bb4 4. e3 0-0 5. Nge2 c6 6. a3 Ba5 7. b4 Bc7 8. Ng3 d5 9. Bb2 Nbd7 10. Be2 dxc4 11. Bxc4 e5 12. Nce2 exd4 13. Nxd4 Ne5 14. Be2 g6 15. 0-0 h5 16. Nf3 Qe7 17. Qc2 Nxf3+ 18. Bxf3 Be5 19. Rfd1 h4 20. Bxe5 Qxe5 21. Ne4 Nxe4 22. Qxe4 Qxe4 23. Bxe4 Be6 24. Rd4 Rfd8 25. Rad1 Rxd4 26. Rxd4 a5 27. h3 axb4 28. axb4 Kf8 29. f4 Ke7 30. f5 gxf5 31. Bf3 Ra1+ 32. Kf2 Ra2+ 33. Kg1 Ra1+ 34. Kf2 Ra2+ 35. Kg1 Rc2 36. Rxh4 b6 37. Kf1 c5 38. bxc5 bxc5 39. Ra4 c4 40. Ke1 c3 41. Kd1 Rf2 42. Ra3 Rd2+ 43. Kc1 Rd3 44. Kc2 Rxe3 45. Rxc3 Rxc3+ 46. Kxc3 Kf6 47. Kd4 f4 48. h4 Bf5 49. Kd5 Bg6 50. Kd4 Bf5 51. h5 Bh3 52. gxh3 1/2-1/2

[Event "SWE-chT2 1617"]
[Site "Sweden"]
[Date "2016.10.15"]
[Round "2.1"]
[White "Olsson, Krister"]
[Black "Rosberg, Simon"]
[Result "1/2-1/2"]
[WhiteElo "2384"]
[BlackElo "2334"]
[PlyCount "100"]
[EventDate "2016.10.14"]
[EventType "team-tourn"]
[EventRounds "9"]
[EventCountry "SWE"]
[SourceTitle "EXT 2017"]
[Source "ChessBase"]
[SourceDate "2016.10.25"]
[SourceVersion "1"]
[SourceVersionDate "2016.10.25"]
[SourceQuality "1"]
[WhiteTeam "Stockholm Rockaden II"]
[BlackTeam "Norrkoping Schack 08"]
[WhiteTeamCountry "SWE"]
[BlackTeamCountry "SWE"]

1. d4 d5 2. c4 c6 3. Nc3 dxc4 4. e3 b5 5. a4 b4 6. Ne4 Qd5 7. Ng3 Nf6 8. Be2 e6 9. e4 Qa5 10. Bxc4 Be7 11. Nf3 0-0 12. 0-0 Ba6 13. Bxa6 Nxa6 14. Ne5 Rac8 15. Bg5 Qd8 16. Qd3 Nb8 17. Rfd1 c5 18. dxc5 Rxc5 19. Qe3 Qa5 20. Bxf6 Bxf6 21. Nd3 Rc2 22. e5 Be7 23. b3 Nc6 24. Rac1 Rxc1 25. Rxc1 Qd5 26. Ne2 Rd8 27. Nef4 Qd7 28. g3 Nd4 29. Nb2 Qb7 30. h4 Nf3+ 31. Kf1 Nxe5 32. Re1 Nf3 33. Rd1 Rxd1+ 34. Nxd1 Nh2+ 35. Ke2 Ng4 36. Qd3 Ne5 37. Qe3 Qc7 38. Kd2 Bc5 39. Qe4 Nc6 40. Nd3 Qd6 41. N1b2 f5 42. Qf3 Nd4 43. Qb7 Nxb3+ 44. Kc2 Nd4+ 45. Kb1 Bb6 46. Nc4 Qd8 47. Nce5 Qc7 48. Qa8+ Qd8 49. Qb7 Qc7 50. Qa8+ Qd8 1/2-1/2

[Event "Vasteras op"]
[Site "Vasteras"]
[Date "2015.09.27"]
[Round "8"]
[White "Angskog, Kent"]
[Black "Olsson, Krister"]
[Result "1/2-1/2"]
[WhiteElo "2218"]
[BlackElo "2355"]
[PlyCount "86"]
[EventDate "2015.09.25"]
[EventType "swiss"]
[EventRounds "8"]
[EventCountry "SWE"]
[SourceTitle "EXT 2016"]
[Source "ChessBase"]
[SourceDate "2015.10.08"]
[SourceVersion "1"]
[SourceVersionDate "2015.10.08"]
[SourceQuality "1"]

1. Nf3 c5 2. e4 Nc6 3. Bb5 Na5 4. c3 a6 5. Ba4 e6 6. 0-0 Be7 7. d4 cxd4 8. cxd4 Nf6 9. Re1 b5 10. Bc2 Bb7 11. Bg5 Rc8 12. Nbd2 d5 13. e5 Nd7 14. Bxe7 Qxe7 15. b3 0-0 16. Rc1 Rc6 17. Bb1 Rfc8 18. Rxc6 Rxc6 19. Nf1 Nf8 20. Qd2 b4 21. Rc1 Qc7 22. Rxc6 Nxc6 23. Ng3 Qe7 24. Qf4 Nb8 25. Nh5 Nbd7 26. h4 Bc6 27. Qg4 Ng6 28. Nf4 Nxf4 29. Qxf4 Bb5 30. Qc1 Qd8 31. Qc2 g6 32. h5 Nb8 33. Qd2 Nc6 34. Qf4 Qe7 35. Nh2 g5 36. Qd2 f5 37. exf6 Qxf6 38. Ng4 Qf4 39. Nh6+ Kg7 40. Qc2 Qe4 41. Qc1 Qf4 42. Qc2 Qe4 43. Qc1 Qf4 1/2-1/2

[Event "Vasteras op"]
[Site "Vasteras"]
[Date "2015.09.27"]
[Round "7"]
[White "Olsson, Krister"]
[Black "Burwick, Malte"]
[Result "1/2-1/2"]
[WhiteElo "2355"]
[BlackElo "2228"]
[PlyCount "54"]
[EventDate "2015.09.25"]
[EventType "swiss"]
[EventRounds "8"]
[EventCountry "SWE"]
[SourceTitle "EXT 2016"]
[Source "ChessBase"]
[SourceDate "2015.10.08"]
[SourceVersion "1"]
[SourceVersionDate "2015.10.08"]
[SourceQuality "1"]

1. d4 g6 2. e4 Bg7 3. Nf3 d6 4. Be2 Nf6 5. Nc3 0-0 6. 0-0 e6 7. Re1 Nc6 8. h3 a6 9. a4 b6 10. Be3 h6 11. Qd2 Kh7 12. Bf4 Bb7 13. Rad1 Ne7 14. e5 Nfd5 15. Nxd5 Nxd5 16. Bg3 Ne7 17. Bh4 Qd7 18. g4 Rad8 19. Bf6 Bxf3 20. Bxg7 Kxg7 21. Bxf3 dxe5 22. Rxe5 Qxa4 23. Qc3 Nd5 24. Bxd5 Rxd5 25. Rxd5 exd5 26. Qxc7 Re8 27. b3 Qb4 1/2-1/2

[Event "Vasteras op"]
[Site "Vasteras"]
[Date "2014.09.27"]
[Round "5"]
[White "Karlsson, Lars"]
[Black "Olsson, Krister"]
[Result "1-0"]
[WhiteElo "2425"]
[BlackElo "2337"]
[PlyCount "115"]
[EventDate "2014.09.26"]
[EventType "swiss"]
[EventRounds "8"]
[EventCountry "SWE"]
[SourceTitle "CBM 162 Extra"]
[Source "ChessBase"]
[SourceDate "2014.10.17"]
[SourceVersion "1"]
[SourceVersionDate "2014.10.17"]
[SourceQuality "1"]

1. b3 e5 2. Bb2 Nc6 3. Nf3 d6 4. c4 g6 5. d4 Bg7 6. dxe5 Be6 7. Nd4 Nxd4 8. Qxd4 Ne7 9. Nc3 Nf5 10. Qd2 dxe5 11. Qxd8+ Rxd8 12. e3 0-0 13. Ne4 Rfe8 14. Rd1 Nh4 15. Rxd8 Rxd8 16. Nd2 Nf5 17. h4 h5 18. Be2 f6 19. Bf3 Bf8 20. Ne4 Kf7 21. Ke2 Nd6 22. Nxd6+ Rxd6 23. Bxb7 Rb6 24. Bd5 Ra6 25. Bxe6+ Kxe6 26. Ra1 Ba3 27. Bxa3 Rxa3 28. Kd3 c5 29. Kc3 Kf5 30. Kb2 Ra6 31. Rd1 Kg4 32. Rd7 Kxh4 33. Rc7 Ra5 34. Rc6 Kg5 35. a4 e4 36. Kc3 h4 37. Kd2 Kf5 38. Ke2 g5 39. f3 exf3+ 40. gxf3 Ke5 41. Kf2 Kf5 42. Kg2 Ke5 43. Kh2 f5 44. Kh3 g4+ 45. fxg4 fxg4+ 46. Kxh4 Ke4 47. Kxg4 Kxe3 48. Rd6 Ke4 49. Kg5 Ke5 50. Rd1 Ke4 51. Rd5 Ra6 52. Rxc5 Kd4 53. Rb5 Re6 54. Kf5 Re1 55. Kf6 Re2 56. a5 Ra2 57. Ke6 Ra3 58. c5 1-0

[Event "SWE-chT2 1011"]
[Site "Sweden"]
[Date "2011.03.12"]
[Round "8"]
[White "Olsson, Krister"]
[Black "Greiff, Hakan"]
[Result "1/2-1/2"]
[WhiteElo "2289"]
[BlackElo "2258"]
[PlyCount "113"]
[EventDate "2010.10.23"]
[EventType "team-tourn"]
[EventRounds "9"]
[EventCountry "SWE"]
[SourceTitle "EXT 2012"]
[Source "ChessBase"]
[SourceDate "2011.11.24"]
[SourceVersion "1"]
[SourceVersionDate "2011.11.24"]
[SourceQuality "1"]
[WhiteTeam "Horndal"]
[BlackTeam "Rodeby"]
[WhiteTeamCountry "SWE"]
[BlackTeamCountry "SWE"]

1. d4 d5 2. Nf3 e6 3. e3 Nf6 4. Bd3 Nbd7 5. 0-0 Be7 6. b3 c5 7. Bb2 b6 8. Nbd2 Bb7 9. Qe2 0-0 10. Rfd1 Rc8 11. c4 cxd4 12. Nxd4 Re8 13. Rac1 Bd6 14. Bb1 Ne5 15. N2f3 Nxf3+ 16. Qxf3 Bb8 17. Qh3 Qe7 18. cxd5 Rxc1 19. Rxc1 Bxd5 20. Nc6 Bxc6 21. Bxf6 Qxf6 22. Qxh7+ Kf8 23. Rxc6 Qh6 24. Qxh6 gxh6 25. Kf1 Rd8 26. Ke2 Bd6 27. Rc4 a5 28. Bd3 Bb4 29. g4 Rd5 30. h4 Be7 31. h5 Rc5 32. Rd4 Rc1 33. Rd7 Ra1 34. a4 Ra2+ 35. Kf1 Rd2 36. Bb5 Rxd7 37. Bxd7 Bh4 38. Ke2 Ke7 39. Bc8 Kd8 40. Ba6 Ke7 41. Bd3 Kf6 42. f3 Ke7 43. f4 e5 44. fxe5 Bg3 45. g5 hxg5 46. Kf3 Bxe5 47. Kg4 Kf6 48. h6 Bb2 49. h7 Kg7 50. Kxg5 Bc1 51. Kf4 f6 52. Bf5 Kh8 53. Ke4 Kg7 54. Kd4 Kh8 55. e4 Bb2+ 56. Kd5 Be5 57. Kc6 1/2-1/2

[Event "SWE-chT2 1011"]
[Site "Sweden"]
[Date "2011.02.04"]
[Round "5"]
[White "Marklund, Niklas"]
[Black "Olsson, Krister"]
[Result "1/2-1/2"]
[WhiteElo "2170"]
[BlackElo "2289"]
[PlyCount "140"]
[EventDate "2010.10.23"]
[EventType "team-tourn"]
[EventRounds "9"]
[EventCountry "SWE"]
[SourceTitle "EXT 2012"]
[Source "ChessBase"]
[SourceDate "2011.11.24"]
[SourceVersion "1"]
[SourceVersionDate "2011.11.24"]
[SourceQuality "1"]
[WhiteTeam "Lulea"]
[BlackTeam "Horndal"]
[WhiteTeamCountry "SWE"]
[BlackTeamCountry "SWE"]

1. d4 Nf6 2. c4 c5 3. d5 b5 4. Nf3 g6 5. cxb5 a6 6. e3 Bg7 7. Nc3 0-0 8. a4 Bb7 9. e4 e6 10. Bg5 Qa5 11. Bd2 Qd8 12. Qb3 exd5 13. exd5 Re8+ 14. Be3 Qa5 15. Bc4 axb5 16. Qxb5 Ne4 17. 0-0 Nd6 18. Qxa5 Rxa5 19. Nd2 Rc8 20. Bf4 Nf5 21. Bxb8 Rxb8 22. Nb3 Raa8 23. Nxc5 Rc8 24. N3e4 Bxb2 25. Rab1 Bd4 26. Rxb7 Bxc5 27. Bb5 d6 28. Rd7 Rd8 29. Rc1 Bb4 30. Rcc7 Rxd7 31. Rxd7 Nd4 32. g3 Nxb5 33. axb5 Rb8 34. Ng5 Rxb5 35. Nxf7 Rxd5 36. Nh6+ Kf8 37. Rxh7 Bc5 38. Rf7+ Ke8 39. Rg7 g5 40. Kg2 Re5 41. Ng4 Rf5 42. Ne3 Bxe3 43. fxe3 Kf8 44. Rd7 Rf6 45. e4 g4 46. Ra7 Re6 47. Ra4 Re5 48. Kf2 Rh5 49. Kg2 Rb5 50. h4 gxh3+ 51. Kxh3 Kf7 52. Kg4 Rb1 53. Kg5 Ke6 54. g4 Ke5 55. Kg6 Rb6 56. Kh5 Kf4 57. g5 Rb5 58. e5+ Kxe5 59. g6 Rb8 60. g7 d5 61. Rg4 Rg8 62. Kg6 d4 63. Kf7 Rxg7+ 64. Kxg7 d3 65. Rg1 Ke4 66. Kf6 d2 67. Ke6 Ke3 68. Kd5 Ke2 69. Ke4 d1Q 70. Rxd1 Kxd1 1/2-1/2

[Event "SWE-chB"]
[Site "Lund"]
[Date "2010.07.09"]
[Round "7"]
[White "Gajic, Mladen"]
[Black "Olsson, Krister"]
[Result "0-1"]
[WhiteElo "2293"]
[BlackElo "2338"]
[PlyCount "108"]
[EventDate "2010.07.03"]
[EventType "tourn"]
[EventRounds "9"]
[EventCountry "SWE"]
[EventCategory "3"]
[SourceTitle "CBM 137 Extra"]
[Source "ChessBase"]
[SourceDate "2010.09.01"]
[SourceVersion "1"]
[SourceVersionDate "2010.09.01"]
[SourceQuality "1"]

1. e4 d6 2. d4 Nf6 3. Nc3 g6 4. f4 Bg7 5. Nf3 c5 6. Bb5+ Bd7 7. Bxd7+ Nbxd7 8. e5 Nh5 9. g4 Nxf4 10. Bxf4 cxd4 11. Qxd4 dxe5 12. Qa4 exf4 13. 0-0-0 Bxc3 14. bxc3 Qc7 15. Qd4 0-0-0 16. Rhe1 Nb6 17. Qg7 Qc5 18. Qxf7 Qa3+ 19. Kb1 Na4 20. Qc4+ Kb8 21. Rxd8+ Rxd8 22. Qb3 Nxc3+ 23. Ka1 Qxb3 24. axb3 Rd1+ 25. Kb2 Rxe1 26. Nxe1 Ne4 27. c4 Kc7 28. Kc2 e5 29. Nf3 Kd6 30. h3 Nf2 31. Ng5 e4 32. Kd2 h6 33. Nf7+ Ke7 34. Ne5 g5 35. Ke2 Nxh3 36. c5 e3 37. b4 a6 38. c6 bxc6 39. Nxc6+ Kd6 40. Nb8 Nf2 41. Nxa6 Kc6 42. Nc5 Nxg4 43. Ne6 Kb5 44. Ng7 Kxb4 45. Kf3 Kc3 46. Nf5 Kd2 47. Kxg4 e2 48. Nxh6 e1Q 49. Kxg5 f3 50. Kh5 f2 51. Kg6 f1Q 52. Kh7 Qg3 53. Kh8 Qf6+ 54. Kh7 Qfg7# 0-1

[Event "SWE-chB"]
[Site "Lund"]
[Date "2010.07.08"]
[Round "6"]
[White "Olsson, Krister"]
[Black "Blomqvist, Erik"]
[Result "0-1"]
[WhiteElo "2338"]
[BlackElo "2407"]
[PlyCount "72"]
[EventDate "2010.07.03"]
[EventType "tourn"]
[EventRounds "9"]
[EventCountry "SWE"]
[EventCategory "3"]
[SourceTitle "CBM 137 Extra"]
[Source "ChessBase"]
[SourceDate "2010.09.01"]
[SourceVersion "1"]
[SourceVersionDate "2010.09.01"]
[SourceQuality "1"]

1. d4 Nf6 2. c4 g6 3. Nc3 d5 4. Bg5 Ne4 5. Bh4 Nxc3 6. bxc3 dxc4 7. Qa4+ Qd7 8. Qxc4 b6 9. Nf3 Bg7 10. Bg3 Nc6 11. e3 Bb7 12. Be2 0-0 13. 0-0 Na5 14. Qb4 Rac8 15. Rad1 Qe6 16. d5 Bxd5 17. Ng5 Qc6 18. e4 Bxa2 19. e5 Bc4 20. Bf3 Qb5 21. Rfe1 h6 22. Ne4 c5 23. Qa3 Be6 24. h4 Nc6 25. Qc1 Rcd8 26. Rxd8 Rxd8 27. h5 Bf5 28. Bf4 Nxe5 29. Bxe5 Bxe5 30. Qxh6 Bxe4 31. Bxe4 Qe2 32. Qc1 Qxh5 33. g3 Bf6 34. Kg2 c4 35. Qc2 Kg7 36. Rh1 Qe5 0-1

[Event "SWE-chB"]
[Site "Lund"]
[Date "2010.07.07"]
[Round "5"]
[White "Kockum, Anton Frisk"]
[Black "Olsson, Krister"]
[Result "1-0"]
[WhiteElo "2284"]
[BlackElo "2338"]
[PlyCount "91"]
[EventDate "2010.07.03"]
[EventType "tourn"]
[EventRounds "9"]
[EventCountry "SWE"]
[EventCategory "3"]
[SourceTitle "CBM 137 Extra"]
[Source "ChessBase"]
[SourceDate "2010.09.01"]
[SourceVersion "1"]
[SourceVersionDate "2010.09.01"]
[SourceQuality "1"]

1. e4 d6 2. d4 Nf6 3. Nc3 g6 4. Bg5 c6 5. Qd2 b5 6. Bd3 Bb7 7. e5 b4 8. Nce2 Nd5 9. Nf3 Qc7 10. 0-0-0 Nd7 11. e6 fxe6 12. Nf4 Qa5 13. Nxd5 exd5 14. Rhe1 0-0-0 15. Bxe7 Bxe7 16. Rxe7 c5 17. dxc5 dxc5 18. Kb1 c4 19. Be2 Qc5 20. Qe3 Qxe3 21. Rxe3 Rde8 22. Rxe8+ Rxe8 23. Bf1 Nf6 24. Nd4 Kc7 25. f3 Kb6 26. c3 a5 27. Kc2 Kc5 28. Kd2 Bc8 29. g3 Bd7 30. Re1 Rxe1 31. Kxe1 Ne8 32. Kd2 Nd6 33. Ke3 Nf5+ 34. Nxf5 Bxf5 35. Be2 Bb1 36. a3 bxa3 37. bxa3 d4+ 38. cxd4+ Kd5 39. Bd1 c3 40. Bb3+ Kc6 41. h4 h6 42. Bc4 Kd6 43. Ke2 g5 44. Kd1 gxh4 45. gxh4 Ke7 46. Bd5 1-0

[Event "SWE-chB"]
[Site "Lund"]
[Date "2010.07.03"]
[Round "1"]
[White "Lindberg, Bengt"]
[Black "Olsson, Krister"]
[Result "1-0"]
[WhiteElo "2413"]
[BlackElo "2338"]
[PlyCount "115"]
[EventDate "2010.07.03"]
[EventType "tourn"]
[EventRounds "9"]
[EventCountry "SWE"]
[EventCategory "3"]
[SourceTitle "CBM 137 Extra"]
[Source "ChessBase"]
[SourceDate "2010.09.01"]
[SourceVersion "1"]
[SourceVersionDate "2010.09.01"]
[SourceQuality "1"]

1. e4 e5 2. Nf3 Nc6 3. Bb5 a6 4. Ba4 Nf6 5. 0-0 Be7 6. Re1 b5 7. Bb3 0-0 8. c3 d5 9. exd5 Nxd5 10. Nxe5 Nxe5 11. Rxe5 c6 12. d4 Bd6 13. Re1 Qh4 14. g3 Qh3 15. Re4 g5 16. Qe1 Bf5 17. Nd2 Nf6 18. f3 Rae8 19. Rxe8 Rxe8 20. Qf2 Bd3 21. Ne4 Bxe4 22. fxe4 Rxe4 23. Bxg5 Nd5 24. Rf1 Qh5 25. Bc1 Re2 26. Bd1 Rxf2 27. Bxh5 Rxf1+ 28. Kxf1 f5 29. Be8 c5 30. Bd7 Ne7 31. dxc5 Bxc5 32. Bf4 Kf7 33. Be5 Kg6 34. h4 Kh5 35. b4 Bb6 36. Kg2 Kg4 37. a4 Ng6 38. Bd6 bxa4 39. Bxa4 f4 40. Bd7+ Kh5 41. gxf4 Bd8 42. Kh3 Bxh4 43. f5 Ne7 44. Be8+ Kh6 45. Kg4 Kg7 46. c4 Nc8 47. Bc5 Be7 48. Bd7 Bxc5 49. bxc5 a5 50. Kf4 Kf6 51. Ke4 Na7 52. Kd4 Ke7 53. c6 a4 54. Kc3 h5 55. Kb4 h4 56. f6+ Kxf6 57. c7 Ke5 58. Kxa4 1-0

[Event "Stockholm Salongernas Elo Gr 1"]
[Site "Stockholm"]
[Date "2008.07.14"]
[Round "8"]
[White "Sjoberg, Mats"]
[Black "Olsson, Krister"]
[Result "0-1"]
[WhiteElo "2343"]
[BlackElo "2296"]
[PlyCount "86"]
[EventDate "2008.07.06"]
[EventType "tourn"]
[EventRounds "9"]
[EventCountry "SWE"]
[SourceTitle "EXT 2024"]
[Source "ChessBase"]
[SourceDate "2023.10.10"]
[SourceVersion "1"]
[SourceVersionDate "2023.10.10"]
[SourceQuality "1"]

1. d4 d6 2. Nf3 g6 3. c4 f5 4. Nc3 Nf6 5. g3 Bg7 6. Bg2 0-0 7. 0-0 Nc6 8. b3 e5 9. dxe5 dxe5 10. Ba3 Re8 11. Qc2 e4 12. Rad1 Bd7 13. Nd4 Nxd4 14. Rxd4 Qc8 15. Rfd1 Bc6 16. Nd5 Nxd5 17. cxd5 Bxd4 18. dxc6 Bg7 19. Rd7 bxc6 20. Qxc6 a5 21. Rxg7+ Kxg7 22. Bb2+ Kg8 23. Qf6 Qd7 24. Qh8+ Kf7 25. Qg7+ Ke6 26. Qe5+ Kf7 27. Qf6+ Kg8 28. Qh8+ Kf7 29. Qxh7+ Ke6 30. Qxg6+ Kd5 31. e3 Qe6 32. Qg7 Kc6 33. Bf1 Kb7 34. Bc4 Qd6 35. Bd4 Rad8 36. a4 Rd7 37. Qg5 c5 38. Qh5 cxd4 39. Qxe8 d3 40. Qh5 d2 41. Qd1 Qa3 42. Kf1 Qc1 43. Ke2 Rd3 0-1

[Event "Stockholm Salongernas Elo Gr 1"]
[Site "Stockholm"]
[Date "2008.07.11"]
[Round "5"]
[White "Olsson, Krister"]
[Black "Heinola, Vesa Pekka"]
[Result "1/2-1/2"]
[WhiteElo "2296"]
[BlackElo "2242"]
[PlyCount "174"]
[EventDate "2008.07.06"]
[EventType "tourn"]
[EventRounds "9"]
[EventCountry "SWE"]
[SourceTitle "EXT 2024"]
[Source "ChessBase"]
[SourceDate "2023.10.10"]
[SourceVersion "1"]
[SourceVersionDate "2023.10.10"]
[SourceQuality "1"]

1. e4 c5 2. Nf3 Nc6 3. d4 cxd4 4. Nxd4 g6 5. c4 Bg7 6. Be3 Nf6 7. Nc3 0-0 8. Be2 b6 9. 0-0 Bb7 10. f3 e6 11. Qd2 Qe7 12. Ndb5 Ne8 13. Rad1 Rd8 14. Rfe1 d6 15. Bf1 Ba8 16. f4 a6 17. Nd4 Rb8 18. Nf3 Qc7 19. Rc1 Qe7 20. h3 Nf6 21. Qf2 Nd7 22. a3 Nc5 23. b4 Bxc3 24. Rxc3 Nxe4 25. Qc2 Nxc3 26. Qxc3 f6 27. c5 bxc5 28. bxc5 d5 29. Bxa6 e5 30. fxe5 fxe5 31. Bh6 Rfe8 32. Qd3 Qxc5+ 33. Kh1 e4 34. Qe2 exf3 35. Qxe8+ Rxe8 36. Rxe8+ Kf7 37. Rxa8 fxg2+ 38. Kxg2 Qxa3 39. Rf8+ Ke7 40. Bf1 Nd4 41. Rf2 Nf5 42. Bf4 d4 43. Bb5 h6 44. Re2+ Kf6 45. Bc4 Nh4+ 46. Kh2 Nf3+ 47. Kg2 g5 48. Bg3 h5 49. Rf2 g4 50. hxg4 hxg4 51. Be2 Ke6 52. Bxf3 gxf3+ 53. Rxf3 Qa8 54. Kf2 Qe4 55. Bf4 Kd5 56. Bd2 d3 57. Re3 Qh4+ 58. Kg2 Qg4+ 59. Kf2 Kd4 60. Rf3 Qh4+ 61. Kg1 Qh5 62. Rf4+ Kd5 63. Rf2 Kc4 64. Rf4+ Kb3 65. Rf2 Qg4+ 66. Kf1 Qh3+ 67. Kg1 Kc2 68. Ba5+ Kd1 69. Rf1+ Ke2 70. Rf2+ Ke3 71. Bd2+ Ke4 72. Rf4+ Ke5 73. Rf2 Qg4+ 74. Kf1 Ke4 75. Ke1 Qg1+ 76. Rf1 Qg3+ 77. Kd1 Qg4+ 78. Kc1 Qc8+ 79. Kd1 Qc2+ 80. Ke1 Kd5 81. Rf5+ Kc4 82. Rf4+ Kb3 83. Rb4+ Ka3 84. Rd4 Qb1+ 85. Kf2 Qb6 86. Ke3 Kb3 87. Kxd3 Qxd4+ 1/2-1/2

[Event "SWE-chB"]
[Site "Gothenburg"]
[Date "2006.07.14"]
[Round "13"]
[White "Olsson, Krister"]
[Black "Norberg, Johan"]
[Result "1-0"]
[WhiteElo "2284"]
[BlackElo "2206"]
[PlyCount "63"]
[EventDate "2006.07.01"]
[EventType "tourn"]
[EventRounds "13"]
[EventCountry "SWE"]
[SourceTitle "EXT 2008"]
[Source "ChessBase"]
[SourceDate "2007.11.25"]
[SourceVersion "1"]
[SourceVersionDate "2007.11.25"]
[SourceQuality "1"]

1. d4 g6 2. e4 Bg7 3. Nf3 d6 4. Be2 Nf6 5. Nc3 0-0 6. 0-0 c6 7. a4 Nbd7 8. Be3 Qc7 9. h3 e5 10. dxe5 dxe5 11. Qd2 Nh5 12. Rfd1 Nf4 13. Bf1 Ne6 14. Qd6 Re8 15. Qxc7 Nxc7 16. Rd2 Nf8 17. Rad1 f5 18. Bc5 Nce6 19. Bd6 Bh6 20. Re2 Nf4 21. Ree1 Bg7 22. Bc4+ Be6 23. Bxe6+ Rxe6 24. exf5 gxf5 25. Bxe5 Bxe5 26. Rxe5 Rxe5 27. Nxe5 Re8 28. Nd7 Ne2+ 29. Nxe2 Rxe2 30. Nxf8 Kxf8 31. Rd8+ Ke7 32. Rh8 1-0

[Event "SWE-ch qualB"]
[Site "Ronneby"]
[Date "1998.??.??"]
[Round "?"]
[White "Norqvist, Jorgen"]
[Black "Olsson, Krister"]
[Result "1-0"]
[WhiteElo "2125"]
[BlackElo "2320"]
[PlyCount "61"]
[EventDate "1998.??.??"]
[EventType "tourn"]
[EventRounds "13"]
[EventCountry "SWE"]
[SourceTitle "EXT 2000"]
[Source "ChessBase"]
[SourceDate "1999.11.16"]
[SourceVersion "1"]
[SourceVersionDate "1999.11.16"]
[SourceQuality "1"]

1. e4 c6 2. d4 d5 3. Nc3 g6 4. f3 Bg7 5. Be3 Na6 6. Qd2 Nf6 7. e5 Nd7 8. Bh6 Bxh6 9. Qxh6 e6 10. h4 Nb4 11. 0-0-0 Qa5 12. a3 Na6 13. h5 gxh5 14. Qg7 Rf8 15. Rxh5 b5 16. Nh3 b4 17. axb4 Nxb4 18. Ng5 Qa1+ 19. Kd2 Qxb2 20. Bd3 Nxd3 21. Rb1 Qa3 22. cxd3 Ba6 23. Rxh7 0-0-0 24. Qh6 Qe7 25. f4 Kc7 26. f5 Rb8 27. Nxe6+ Kc8 28. Nxf8 Rxb1 29. Qxc6+ Kd8 30. Ne6+ Ke8 31. Rh8+ 1-0

[Event "SWE-ch qualB"]
[Site "Ronneby"]
[Date "1998.??.??"]
[Round "?"]
[White "Olsson, Krister"]
[Black "Couso, Luis"]
[Result "0-1"]
[WhiteElo "2320"]
[BlackElo "2235"]
[PlyCount "80"]
[EventDate "1998.??.??"]
[EventType "tourn"]
[EventRounds "13"]
[EventCountry "SWE"]
[SourceTitle "EXT 2000"]
[Source "ChessBase"]
[SourceDate "1999.11.16"]
[SourceVersion "1"]
[SourceVersionDate "1999.11.16"]
[SourceQuality "1"]

1. d4 Nf6 2. c4 d6 3. Nc3 g6 4. Bg5 Bg7 5. Nf3 0-0 6. Qd2 c6 7. e4 Qa5 8. Be2 e5 9. d5 a6 10. 0-0 cxd5 11. Nxd5 Qxd2 12. Nxd2 Nbd7 13. f3 b6 14. Rfc1 h6 15. Be3 Rb8 16. b4 Nh5 17. Rab1 Kh7 18. Nb3 f5 19. exf5 gxf5 20. Bd3 e4 21. fxe4 f4 22. Bd4 Ne5 23. Be2 f3 24. Bxf3 Rxf3 25. Bxe5 Rxb3 26. Bxd6 Rxb1 27. Rxb1 Rb7 28. Rf1 Be6 29. c5 bxc5 30. bxc5 Bd4+ 31. Kh1 Rb2 32. c6 Rc2 33. c7 Nf6 34. Nb4 Rc4 35. e5 Ne4 36. Nxa6 Rc2 37. Nb4 Nf2+ 38. Kg1 Nd3+ 39. Kh1 Nxb4 40. Bxb4 Bd5 0-1

[Event "SWE-ch qualA"]
[Site "Haninge"]
[Date "1997.??.??"]
[Round "2"]
[White "Olsson, Krister"]
[Black "Nilsson, Mattias"]
[Result "0-1"]
[WhiteElo "2360"]
[BlackElo "2230"]
[PlyCount "50"]
[EventDate "1997.??.??"]
[EventType "tourn"]
[EventRounds "13"]
[EventCountry "SWE"]
[SourceTitle "EXT 1999"]
[Source "ChessBase"]
[SourceDate "1998.11.16"]
[SourceVersion "1"]
[SourceVersionDate "1998.11.16"]
[SourceQuality "1"]

1. d4 Nf6 2. c4 g6 3. Nc3 Bg7 4. e4 d6 5. Bd3 0-0 6. Nge2 Nc6 7. 0-0 Nh5 8. Be3 e5 9. d5 Ne7 10. Qd2 f5 11. f4 fxe4 12. Nxe4 Nf5 13. fxe5 Nxe3 14. Rxf8+ Qxf8 15. Qxe3 Bxe5 16. Rf1 Bxh2+ 17. Kxh2 Qxf1 18. Qg5 Bf5 19. N2g3 Qxd3 20. Nxh5 Bxe4 21. Nf6+ Kf7 22. Ng4 Rf8 23. Qf6+ Ke8 24. Qe6+ Kd8 25. Nf6 Bf5 0-1

[Event "SWE-ch qualA"]
[Site "Haninge"]
[Date "1997.??.??"]
[Round "10"]
[White "Olsson, Krister"]
[Black "Sundell, Bo"]
[Result "0-1"]
[WhiteElo "2360"]
[BlackElo "2195"]
[PlyCount "116"]
[EventDate "1997.??.??"]
[EventType "tourn"]
[EventRounds "13"]
[EventCountry "SWE"]
[SourceTitle "EXT 1999"]
[Source "ChessBase"]
[SourceDate "1998.11.16"]
[SourceVersion "1"]
[SourceVersionDate "1998.11.16"]
[SourceQuality "1"]

1. d4 Nf6 2. c4 g6 3. Nc3 Bg7 4. e4 d6 5. Bd3 0-0 6. Nge2 Nc6 7. Bg5 e5 8. d5 Nd4 9. Nxd4 exd4 10. Ne2 c5 11. Qd2 Qe8 12. 0-0 Ng4 13. Rae1 a6 14. Nc1 b5 15. b3 bxc4 16. Bxc4 f6 17. Bf4 Qd8 18. h3 Ne5 19. Bg3 a5 20. f4 Nxc4 21. bxc4 Ba6 22. Qc2 Rb8 23. Nd3 Re8 24. e5 f5 25. Re2 Bf8 26. Rfe1 Qd7 27. Bh4 Bc8 28. e6 Qc7 29. Qa4 Ba6 30. Rb2 Be7 31. Qd7 Rbc8 32. Bf2 Bxc4 33. Rb7 Qd8 34. Nb2 Bxd5 35. Ra7 Bc6 36. Qxd8 Rcxd8 37. Rxa5 Ra8 38. Nc4 Bd5 39. Rxa8 Bxa8 40. Nb6 Be4 41. a4 Bd8 42. a5 Bxb6 43. axb6 Rxe6 44. Ra1 Re7 45. Bh4 Rd7 46. Kf2 Kf7 47. g4 Ke6 48. Ke2 Kd5 49. Ra7 Rxa7 50. bxa7 Kc4 51. Kd2 Bc6 52. Be7 Kd5 53. g5 c4 54. h4 c3+ 55. Kd3 Kc5 56. Bf6 Be4+ 57. Ke2 d3+ 58. Ke3 d2 0-1